MARC details
| 000 -LÍDER |
| campo de controle de tamanho fixo |
01665nam a2200337 4500 |
| 001 - NÚMERO DE CONTROLE |
| campo de controle |
224 |
| 003 - IDENTIFICADOR DO NÚMERO DE CONTROLE |
| campo de controle |
OSt |
| 005 - DATA E HORÁRIO DA ÚLTIMA TRANSAÇÃO |
| campo de controle |
20250528074015.0 |
| 008 - CAMPO DE DADOS FIXOS--INFORMAÇÃO GERAL |
| campo de controle de tamanho fixo |
250203b |||||||g |||| 00| 1 eng d |
| 040 ## - FONTE DA CATALOGAÇÃO |
| Idioma da catalogação |
por |
| 041 ## - CÓDIGO DE IDIOMA |
| Código do idioma do original e/ou traduções intermediárias do texto |
ita |
| Código do idioma do texto/trilha sonora ou título diferente |
por |
| 082 ## - CDD - CLASSIFICAÇÃO DECIMAL DE DEWEY |
| Número de Classificação |
853 |
| Número do exemplar |
E19n |
| 100 1# - ENTRADA PRINCIPAL--NOME PESSOAL |
| Nome pessoal |
Eco, Umberto, |
| Datas associadas ao nome |
1932-2016 |
| 9 (RLIN) |
409 |
| 240 ## - TÍTULO UNIFORME |
| Título uniforme |
Il nome della rosa |
| 245 ## - TÍTULO |
| Título |
O nome da Rosa / |
| Indicação de responsabilidade, etc. |
Eco, Umberto ; Tradução de Aurora Bernardi e Homero Freitas de Andrade |
| 260 ## - PUBLICAÇÃO, DISTRIBUIÇÃO, ETC. |
| Local de publicação, distribuição, etc. |
Rio de Janeiro |
| Nome do editor, distribuidor, etc. |
Record |
| Data da publicação, distribuição, etc. |
1980 |
| 300 ## - DESCRIÇÃO FÍSICA |
| Extensão |
562 p. |
| 520 ## - NOTA DE RESUMO, ETC. |
| Resumo, etc. |
Assinalando a estréia na área da ficção de um dos mais importantes teóricos da comunicação de massa na atualidade, O Nome da Rosa, de Umberto Eco, é uma narrativa que se identifica com os romances policiais série noire pelo seu caráter de humor e crueldade, malícia e sedução erótica.<br/>Num mosteiro da Itália medieval, a morte, em circunstâncias insólitas, de sete monges em sete dias e noites projeta a visão mais realista da violência em estado puro. As violências sexuais, os conflitos no seio do movimento herético do século XIV, a luta contra a mistificação, o poder, o esvaziamento dos valores pela demagogia, constróem nas páginas de O Nome da Rosa uma parábola sangrenta e patética da história da humanidade. |
| 650 #0 - ASSUNTO--TERMO TÓPICO |
| Cabeçalho tópico ou nome geográfico |
Literatura italiana |
| 9 (RLIN) |
164 |
| 650 #0 - ASSUNTO--TERMO TÓPICO |
| Cabeçalho tópico ou nome geográfico |
Religião |
| 9 (RLIN) |
100 |
| 650 #0 - ASSUNTO--TERMO TÓPICO |
| Cabeçalho tópico ou nome geográfico |
Medieval |
| 9 (RLIN) |
170 |
| 650 #0 - ASSUNTO--TERMO TÓPICO |
| Cabeçalho tópico ou nome geográfico |
Polêmica |
| 9 (RLIN) |
117 |
| 650 #0 - ASSUNTO--TERMO TÓPICO |
| Cabeçalho tópico ou nome geográfico |
Histórico |
| 9 (RLIN) |
53 |
| 650 #0 - ASSUNTO--TERMO TÓPICO |
| Cabeçalho tópico ou nome geográfico |
Clássicos |
| 9 (RLIN) |
77 |
| 650 #0 - ASSUNTO--TERMO TÓPICO |
| Cabeçalho tópico ou nome geográfico |
Humor |
| 9 (RLIN) |
60 |
| 655 #0 - TERMO DE ÍNDICE--GÊNERO E FORMA |
| Gênero/forma/ou termo foco |
Romance |
| 655 #0 - TERMO DE ÍNDICE--GÊNERO E FORMA |
| Gênero/forma/ou termo foco |
Ficção |
| 700 ## - ENTRADA ADICIONADA - NOME PESSOAL |
| Nome pessoal |
Aurora Bernardi |
| Função do autor por extenso |
Tradução |
| 9 (RLIN) |
413 |
| 700 ## - ENTRADA ADICIONADA - NOME PESSOAL |
| Nome pessoal |
Homero Freita de Andrade |
| Função do autor por extenso |
Tradutor |
| 9 (RLIN) |
414 |
| 942 ## - ELEMENTOS DE ENTRADA ADICIONADOS (KOHA) |
| Fonte de classificação ou esquema de arquivamento |
Classificação decimal de Dewey |
| Ocultar no OPAC |
Não |
| Tipo de material Koha |
Livros |